Vocab Espagnol 2. El mundo de la empresa - Statistiques

Statistiques générales
  • Ce quiz a été pris 13 fois
  • Le résultat moyen est 7 sur 40
Statistiques - réponses
Hinta Réponse % Correct
Una firma Une entreprise
67%
Los proveedores Les fournisseurs
50%
El éxito Le succès
50%
Firmar un contrato Signer un contrat
50%
Contratar Embaucher
33%
Quebrar Faire faillite
33%
La huelga La grève
33%
El empresario Le chef d'entreprise
33%
El empleado L'employé
33%
Los descuentos Les remises
33%
Despedir Licencier
33%
Incremento Augmentation
17%
Gastar Dépenser
17%
Declararse en quiebra Déposer le bilan
17%
Hacer un balance Dresser un bilan
17%
Hacer practicas Faire un stage
17%
Desempenar un papel Jouer un role
17%
El cierre La fermeture
17%
El paro Le chômage
17%
El almacén L'entrepôt
17%
Los pedidos Les commandes
17%
Ahorros Les économies
17%
Las medidas Les mesures
17%
Las pérdidas Les pertes
17%
Una beca Une bourse
17%
Una inversiôn Un investissement
17%
Abastecer Approvisionner
0%
Repartir Distribuer
0%
Fomentar Encourager
0%
Auge Essort
0%
Compra L'achat
0%
El ejecutivo Le cadre supérieur
0%
El volumen de negocios Le chiffre d'affaires
0%
La plantilla Le personnel, les effectifs
0%
El informe Le rapport
0%
Las existencias Les stocks
0%
Intervenidar Saisir
0%
Delarar el concurso de acreedores se déclarer en cessation de paiement
0%
Cobrar (un sueldo) Toucher un salaire
0%
Un becario Un stagiaire
0%
Aucun quiz correspondant
Distribution des résultats
% des personnes avec chaque résultat
Percentile par nombre de réponses
Votre historique - résultats
Vous n’avez pas pris ce quiz